[Event "Blumenau U2400 op"]
[Site "Blumenau"]
[Date "2024.08.30"]
[Round "1"]
[White "Da Cunha, Gastao"]
[Black "Dos Santos, Nathan Augusto"]
[Result "1/2-1/2"]
[WhiteElo "1853"]
[BlackElo "1800"]
[PlyCount "76"]
[EventDate "2024.08.30"]
[EventType "swiss"]
[EventRounds "6"]
[EventCountry "BRA"]
[SourceTitle "EXT 2025"]
[Source "ChessBase"]
[SourceDate "2024.10.14"]
[SourceVersion "1"]
[SourceVersionDate "2024.10.14"]
[SourceQuality "1"]

1. e4 c5 2. Nc3 Nc6 3. Bc4 g6 4. d3 Bg7 5. Nge2 Nf6 6. Ng3 0-0 7. 0-0 d6 8. a3 Bd7 9. Bg5 a6 10. Qd2 Nd4 11. Rac1 b5 12. Ba2 a5 13. Bh6 b4 14. Bxg7 Kxg7 15. Nd5 e6 16. Ne3 bxa3 17. bxa3 Ba4 18. f4 Kg8 19. f5 Rb8 20. c3 Nb3 21. Bxb3 Bxb3 22. fxg6 fxg6 23. c4 e5 24. h3 Ba4 25. Nd5 Rb3 26. Rc3 Nxd5 27. Rxf8+ Kxf8 28. exd5 Rb1+ 29. Rc1 Rxc1+ 30. Qxc1 Bd7 31. Qh6+ Kg8 32. Qd2 a4 33. Qf2 Kg7 34. Qf3 Qf6 35. Kf2 Bf5 36. Ke2 h5 37. Kd2 h4 38. Ne4 Bxe4 1/2-1/2